| 000 | 00643nam a22001577a 4500 | ||
|---|---|---|---|
| 999 |
_c80389 _d80389 |
||
| 008 | 201130b ||||| |||| 00| 0 eng d | ||
| 040 |
_bger _cSTAFF _erda |
||
| 041 | _ager | ||
| 100 | _aNeiser, Janet: | ||
| 245 |
_a"Man ist zur Hilflosigkeit verdammt": _bCovid-19: Einer der Corona-Brennpunkte im Kreis Oder-Spree ist das Müllroser Alten- und Pflegeheim "Gut Zeisigberg".../ _cJanet Neiser |
||
| 773 |
_dFrankfurt (Oder): Märkisches Verlags- und Druckhaus GmbH & Co KG _g31. Jahrgang (2020) Nr. 290 vom 12./13.12.2020, Seite 21. _tMärkische Oderzeitung |
||
| 942 | _cA | ||